ბათუმის შოთა რუსთაველის სახელმწიფო უნივერსიტეტის ბიბლიოთეკა

სასოფლო-სამეურნეო მელიორაცია მეტყევეობისა და წყალმომარაგების საფუძვლით. (ბიბ.ჩანაწერი № 44414)

000 -LEADER
fixed length control field 01491nam a2200229Ia 4500
001 - CONTROL NUMBER
control field 11180
003 - CONTROL NUMBER IDENTIFIER
control field GE_BSU
008 - FIXED-LENGTH DATA ELEMENTS--GENERAL INFORMATION
fixed length control field 181216s||||||||xx |||||||||||||| ||und||
040 ## - CATALOGING SOURCE
Transcribing agency GE_BSU
080 ## - UNIVERSAL DECIMAL CLASSIFICATION NUMBER
Universal Decimal Classification number 631.6(075.8)+630(075.8)+626/627
100 ## - MAIN ENTRY--PERSONAL NAME
Personal name ნავროცკი,ს. ჟოხოვი,პ. ნიკოლაენკო,ვ.
245 ## - TITLE STATEMENT
Title სასოფლო-სამეურნეო მელიორაცია მეტყევეობისა და წყალმომარაგების საფუძვლით.
245 ## - TITLE STATEMENT
Remainder of title სახელმძღვ.საშუალო სას.-სამ. სასწ. შემდეგი სპეციალ:"აგრონომია", "მეხილეობა-მებოსტნეობა", მიწათმოწყობა".
245 ## - TITLE STATEMENT
Statement of responsibility, etc. მთარგმნ:ო.ნ.ვაშაკიძე; მთარგნ გ-ის რედ:მ.ი.შინჯიკაშვილი.
260 ## - PUBLICATION, DISTRIBUTION, ETC.
Place of publication, distribution, etc. თბილისი.
260 ## - PUBLICATION, DISTRIBUTION, ETC.
Name of publisher, distributor, etc. განათლება.
260 ## - PUBLICATION, DISTRIBUTION, ETC.
Date of publication, distribution, etc. 1989.
300 ## - PHYSICAL DESCRIPTION
Extent 346გვ;22სმ.
520 ## - SUMMARY, ETC.
Summary, etc. სახელმძღ. და დამხ. სახ. საშ. სას.-სამ. სასწ.დაწეს.
653 ## - INDEX TERM--UNCONTROLLED
Uncontrolled term სასოფლო-სამეურნეო მელიორაცია მეტყევეობისა და წყალმომარაგების საფუძვლით.
942 ## - ADDED ENTRY ELEMENTS (KOHA)
Koha item type წიგნი
ეგზემპლარები
Withdrawn status Lost status Damaged status Not for loan Date acquired Barcode Date last seen Price effective from Koha item type
        2018-12-17 19034 2018-12-17 2018-12-17 წიგნი
        2018-12-17 19035 2018-12-17 2018-12-17 წიგნი
        2018-12-17 19036 2018-12-17 2018-12-17 წიგნი
        2018-12-17 19037 2018-12-17 2018-12-17 წიგნი
        2018-12-17 19038 2018-12-17 2018-12-17 წიგნი
        2018-12-17 19039 2018-12-17 2018-12-17 წიგნი
        2018-12-17 19040 2018-12-17 2018-12-17 წიგნი
        2018-12-17 19041 2018-12-17 2018-12-17 წიგნი
        2018-12-17 19042 2018-12-17 2018-12-17 წიგნი
        2018-12-17 19043 2018-12-17 2018-12-17 წიგნი
        2018-12-17 19044 2018-12-17 2018-12-17 წიგნი